000 00400nam a2200145Ia 4500
008 100122s9999 xx 000 0 und d
082 _b56274
_a623.19
100 _aघाणेकर प्र के
245 _aसिंहगड
260 _bस्नेहल प्रकाशन
_c1999
300 _a54
630 _aसिंहगड
730 _aसिंहगड
942 _cBOOK
999 _c432736
_d432733